000 00679nam a22002297i 4500
003 URS
005 20220117151302.0
008 160505b xxu||||| |||| 00| 0 eng d
020 _a9789719905110
040 _erda
_cURSP-College Library
_beng
050 _bSa2m 2012
100 1 _aSaidali, Margarita R.
245 _aModules in Administrative Office Management
_cSaidali, Margarita R.
264 1 _aManila
_bMindshapers Company,Inc.
_c2012.
300 _avii, 141pages
_c23cm
336 _atext
_btxt
_2rdacontent
337 _aunmediated
_bn
_2rdamedia
338 _avolume
_bnc
_2rdacarrier
500 _aIncludes references
650 0 _aOffice management.
942 _2lcc
_cF
999 _c7961
_d7961